Devine le rappeur 8 - Statistiques

Statistiques générales
  • Ce quiz a été pris 63 fois
  • Le résultat moyen est 4 sur 15
Statistiques - réponses
Hint Réponse % Correct
Ridin’ Booba
79%
Loup noir Sch
74%
Ça tourne dans ma tête Jul
45%
Nakré Laylow
31%
Grisaille Werenoi
28%
Jen selter Ateyaba
19%
Châtelet Les Halles Jok’air
16%
Fleur d’amour Josman
16%
Là-haut Hugo tsr
14%
Bahia Luidji
12%
Business man Liim’s
7%
Sur moi Tayc
7%
Collision Still fresh
5%
Elle a S pri noir
2%
Elles voudraient Frenetik
0%
Aucun quiz correspondant
Distribution des résultats
% des personnes avec chaque résultat
Percentile par nombre de réponses
Votre historique - résultats
Vous n’avez pas pris ce quiz